| 000 | 00959pam a2200253 a 4500 | ||
|---|---|---|---|
| 005 | 20200104041517.0 | ||
| 008 | 970528s1998 enkab b 001 0 eng | ||
| 020 | _a0632038594 | ||
| 040 |
_aDLC _cDLC _dCO-BoIAVH |
||
| 041 | _aeng | ||
| 082 | 0 | 0 |
_a577.0285 _bJ72g |
| 100 | 1 | _aJohnston, Carol A. | |
| 245 | 1 | 0 |
_aGeographic information systems in ecology / _cCarol A. Johnston. |
| 260 |
_aOxford ; _aMalden, MA : _bBlackwell Science, _c1998. |
||
| 300 |
_aviii, 239 paginas. : _billustraciones, mapas ; _c24x 15 cm. |
||
| 504 | _aIncludes bibliographical references (p. 209-232) and index. | ||
| 650 | 0 | _aEcology. | |
| 650 | 0 | _aGeographic information systems. | |
| 650 | 0 | _aecologia | |
| 650 | 0 | _aSistema de información geográfica | |
| 906 |
_a7 _bcbc _corignew _d1 _eocip _f19 _gy-gencatlg |
||
| 942 |
_2ddc _cLIBRO |
||
| 999 |
_c1020 _d1020 |
||